Match The Producer To The Tag - Statistics

General Stats
  • This quiz has been taken 36 times
  • The average score is 14 of 15
Answer Stats
Hint Answer % Correct
“We the best music!” DJ Khaled
100%
"Mustard on the beat, ho!" DJ Mustard
97%
"Jahlil Beats, holla at me!" Jahlil Beats
97%
"Just Blaze!” Just Blaze
97%
"We got London on da track!" London on da Track
97%
"If Young Metro don't trust you, I'm gon' shoot you." Metro Boomin
97%
“Mike WiLL Made-It!” Mike WiLL Made-It
97%
"Yo Pi'erre, you wanna come out here?" Pi’erre Bourne
97%
"Oh my God, Ronny!" Ronny G
97%
"Tay Keith, f*** these n****s up!" Tay Keith
97%
"Wheezy outta here." Wheezy
97%
"Young Chop on the beat!" Young Chop
97%
"La musica de Harry Fraud." Harry Fraud
94%
"Oh Lord, Jetson made another one!" JetsonMade
94%
"Murda on the beat, so it's not nice!" Murda Beatz
94%
No matching quizzes found
Score Distribution
Percent of People with Each Score
Percentile by Number Answered
Your Score History
You have not taken this quiz